00725nam a22002057a 4500999001900000005001700019010001500036020003000051035001400081037001300095082001200108100001700120245004000137260004300177270010200220300002500322500002600347942002600373952012000399 c181497d18149720220113141548.0 aENG-129934 a978-81-217-0209-6c650.00 aEN-113466 bDBAD/PUB a158.128 aSHARMA, S.K. aHEALTH AND MEDITATION:cS.K. SHARMA bBHARATIYA VIDYA PRAKASHANaIndIac2018 bVARANASIe221005aII Floor, Dharamsangh Bhawan, Durgakund Road,mbvpbooks@gmail.comk0542-2310500 avii;336p.c22cm(hbk) aincludes Bibliography 2ddccENh150.128mSHA 001040708NFICaMbMd2021-09-16eDBAD\PUBg650.00l0o150.128 SHApEN-113466r2021-09-16 00:00:00t1v650.00yEN